Clubs By Ballon d'Or Winners - Statistics

General Stats
  • This quiz has been taken 34 times
  • The average score is 8 of 10
Answer Stats
Hint Answer % Correct
12 Barcelona
100%
12 Real Madrid
100%
5 Bayern Munich
97%
2 Paris Saint-Germain
97%
8 AC Milan
94%
2 Inter Milan
94%
4 Manchester United
94%
8 Juventus
90%
2 Hamburg
26%
2 Dynamo Kyiv
19%
No matching quizzes found
Score Distribution
Percent of People with Each Score
Percentile by Number Answered
Your Score History
You have not taken this quiz